| 000 | 00339cas a2200133 a 4500 | ||
|---|---|---|---|
| 022 | 0 | _a1075-6426 | |
| 040 | _cMH | ||
| 082 | 1 | 0 | _a708 TMS 2011 C151 Or. |
| 110 | 2 | _aSanta Barbara Museum of Art. | |
| 245 | 1 | 0 | _aBiennial report / |
| 260 |
_aSanta Barbara, Calif. : _bThe Museum, _cc1991. |
||
| 300 |
_a1 v. : _bill. ; _c28 cm. |
||
| 942 | _cAEDBB | ||
| 999 |
_c18684 _d18684 |
||